I Don’t Wanna Do This Anymore - XXXTENTACION (Full lyrics) - Statistics

General Stats
  • This quiz has been taken 2 times
  • The average score is 112 of 200
Answer Stats
Lyrics % Correct
a
100%
don't
100%
hate
100%
I
100%
"I
100%
in
100%
no
100%
No-
100%
no-
100%
wanna
100%
wanna,
100%
catch
50%
'cause
50%
'Cause
50%
fuck
50%
I'll
50%
I'm
50%
know
50%
let
50%
love
50%
me
50%
my
50%
on
50%
one
50%
only
50%
should've
50%
so
50%
that
50%
'til
50%
understand
50%
up
50%
very
50%
you
50%
You
50%
your
50%
you're
50%
about
0%
all
0%
Baby,
0%
bed
0%
been
0%
cum
0%
feeling
0%
flight,
0%
got
0%
gotta
0%
head
0%
how
0%
I've
0%
long
0%
man"
0%
more
0%
myself,
0%
night,
0%
numb,
0%
praying
0%
Said,
0%
they
0%
time,
0%
to
0%
wait
0%
want
0%
why
0%
wonder
0%
you've
0%
No matching quizzes found
Score Distribution
Percent of People with Each Score
Percentile by Number Answered
Your Score History
You have not taken this quiz